Normal view
MARC view
Entry Personal Name
001 - CONTROL NUMBER
- control field: 29716
003 - CONTROL NUMBER IDENTIFIER
- control field: OSt
005 - DATE AND TIME OF LATEST TRANSACTION
- control field: 20250117094034.0
008 - FIXED-LENGTH DATA ELEMENTS
- fixed length control field: 250117|| aca||aabn | a|a d
040 ## - CATALOGING SOURCE
- Original cataloging agency: OSt
- Transcribing agency: OSt
100 ## - HEADING--PERSONAL NAME
- Personal name: Dickens, Charles.
670 ## - SOURCE DATA FOUND
- Source citation: Work cat.: (OSt): Dickens, Charles. , Little Dorrit / , 2008.